书目信息 |
| 书名: | The Message of the Sermon on the Mount | |
| 作者: | John R.W.Stott. | |
| 分册号: | ||
| 分册名: | 出版地: | England : |
|
| 出版社: | Inter-Varsity Press | |
| 出版时间: | c1978. | |
| 页数: | 238 p. ; | |
| 开本: | 20cm. | |
| 丛书名: | ||
| 中图分类号: | ||
| 科图分类号: | ||
| 其他分类号: | B97 | |
| 主题词: | ||
| 电子资源: | ||
| 000 | 00426nam 2200145 a 4500 | |
| 001 | E0739466258 | |
| 005 | 20070519110832.10 | |
| 008 | 070519s1978 00010 eng | |
| 020 | @a0-87784-296-5. | |
| 040 | @aPFT@beng | |
| 090 | @aB97 | |
| 099 | @dB97@ex34 | |
| 245 | 1 | @aThe Message of the Sermon on the Mount :@bChristian Counter-Culture / @cJohn R.W.Stott. |
| 260 | @aEngland :@bInter-Varsity Press,@cc1978. | |
| 300 | @a238 p. ;@c20cm. | |
| The Message of the Sermon on the Mount : : Christian Counter-Culture / / John R.W.Stott.-England : : Inter-Varsity Press, , c1978. |
| 238 p. ; ; 20cm. |
| ISBN 0-87784-296-5. |
| ● |
| 相关链接 |
|
|
|
|
正题名:The Message of the Sermon on the Mount
索取号:B97/x34
 
预约/预借
| 序号 | 登录号 | 条形码 | 馆藏地/架位号 | 状态 | 备注 |
| 1 | 10715 | 300107159 | 第二样本阅览室/ [索取号:B97/x34] | 在馆 |